00209nam a22000977a 4500040000700000082000800007100001300015245005300028260002300081300000700104 cHS a636 aMICHEAL  aManaging pig health and the treatment of disease aNAbMICHEAL c2002 aNA